LEADER 01181nam0 22002651i 450 001 SUN0013354 005 20060509120000.0 010 $a88-8114-626-6 100 $a20030403d1998 |0itac50 ba 101 $aita 102 $aIT 105 $a|||| ||||| 200 1 $aAtti dell'Accademia romanistica Costantiniana$e6. Convegno internazionale. [S. l.$es. n.], sotto l'alto patrocinato del Presidente della Repubblica ; Napoli$eEdizioni scientifiche italiane, c1998 210 $d506 p. ; 24 cm 215 $aIn testa al front.: Universitą degli studi di Perugia, Facoltą di giurisprudenza. 606 $aEconomia$xImpero romano$xCongressi$2FI$3SUNC007083 620 $dNapoli$3SUNL000005 676 $a342.370852$v21 712 $aESI$3SUNV000952$4650 801 $aIT$bSOL$c20181109$gRICA 912 $aSUN0013354 950 $aUFFICIO DI BIBLIOTECA DEL DIPARTIMENTO DI GIURISPRUDENZA$d00 CONS XVIII.H.36 $e00 14973 995 $aUFFICIO DI BIBLIOTECA DEL DIPARTIMENTO DI GIURISPRUDENZA$h14973$kCONS XVIII.H.36$op$qa 996 $aAtti dell'Accademia romanistica costantiniana$9661419 997 $aUNICAMPANIA LEADER 01275cam0-22003491i-450 001 990000148660403321 005 20210928144549.0 035 $a000014866 035 $aFED01000014866 035 $a(Aleph)000014866FED01 035 $a000014866 100 $a20011111d1898----km-y0itay50------ba 101 0 $aita 102 $aIT 105 $aaf------001yy 200 1 $a<>impianti elevatori delle acque della Bolla e del Carmignano in sussidio dell'acquedotto di Serino per la cittą di Napoli$fprogetto di Francesco Milone 210 $aNapoli$cF. Di Gennaro e A. Morano$d1898 215 $a21 p., 6 c. di tav.$cill.$d26 cm 300 $aEstr. da: Bollettino del Collegio degl'ingegneri ed architetti in Napoli, anno 16., n. 18 e 19, settembre-ottobre 1898 610 0 $aSerino$aAcquedotti$a1898 610 0 $aAcquedotti 676 $a628.142 700 1$aMilone,$bFrancesco$01409 801 0$aIT$bUNINA$gRICA$2UNIMARC 901 $aBK 912 $a990000148660403321 952 $a60 OP. 150/17$b27523$fFAGBC 952 $a13 MISC 406 05$b10784$fFINBC 959 $aFINBC 996 $aImpianti elevatori delle acque della Bolla e del Carmignano in sussidio dell'acquedotto di Serino per la cittą di Napoli$91872366 997 $aUNINA DB $aING01